000 00638nam a22002057a 4500
005 20251108173410.0
008 250721s2005 xx 000 0 ara d
020 _a9772708949
082 1 4 _aط/608/أبا
100 1 _aالأباصيري، تهاني
245 1 0 _aالمخترع الصغير /
264 1 _aالقاهره :
_bالدار المصرية اللبنانية،
_c2005.
300 _a16ص.
490 0 _aالعلمية
650 1 7 _aالاختراعات
653 _aمرحلة أطفال متوسطة (6-9 سنوات )
700 1 _aعبد القادر، ماهر
_eArt.
942 _2ddc
_cBK
999 _c102982
_d102982